00966nam a22002657a 4500999001500000001000600015003000900021005001700030008004100047020001800088020001500106040003300121082001800154245010600172260005300278300004500331504005100376650002600427650003300453700002700486700002800513700003000541942001200571952011700583 c3388d338818735BD-DhUAP20200304122516.0200304r20112003nyua b 001 0 eng d a9781259002908 a125900290X aDLCcDLCdDLCdBD-DhUAPbeng00223a711.4 TIM00aTime-saver standards for urban design /cEdited by Donald Watson, Alan Plattus and Robert G. Shibley. aNew York :bMcGraw-Hill,cc2003 [Reprinted 2011] avarious pages :billustrations ;c29 cm. aIncludes bibliographical references and index. 0aCity planning.931513 0aArchitectural design.9315141 aWatson, Donald.9315151 aPlattus, Alan J.9315161 aShibley, Robert G.931517 2ddccBK 00102ddc4070aUAPCLbUAPCLcGeneral Stacksd2020-03-04o711.4 TIMp3010018735r2020-03-04t1w2020-03-04yBK